Следуй за нами: сборник очерков
| מחברים אחרים: | |
|---|---|
| סיכום: | Исключено из фонда НТБ ТПУ |
| שפה: | רוסית |
| יצא לאור: |
Москва, Физкультура и спорт, 1985
|
| פורמט: | ספר |
| KOHA link: | https://koha.lib.tpu.ru/cgi-bin/koha/opac-detail.pl?biblionumber=125064 |
MARC
| LEADER | 00000nam0a2200000 4500 | ||
|---|---|---|---|
| 001 | 125064 | ||
| 005 | 20231031131219.0 | ||
| 035 | |a (RuTPU)RU\TPU\book\135339 | ||
| 090 | |a 125064 | ||
| 100 | |a 20071109d1985 m y0rusy50 ca | ||
| 101 | 0 | |a rus | |
| 102 | |a RU | ||
| 105 | |a a z 000cy | ||
| 200 | 1 | |a Следуй за нами |e сборник очерков |f сост. В. Н. Калясьев | |
| 210 | |a Москва |c Физкультура и спорт |d 1985 | ||
| 215 | |a 128 с. |c ил. | ||
| 333 | |a Исключено из фонда НТБ ТПУ | ||
| 702 | 1 | |a Калясьев |b В. Н. |4 220 | |
| 801 | 1 | |a RU |b 63413507 |c 20071109 |g PSBO | |
| 801 | 2 | |a RU |b 63413507 |c 20220616 |g RCR | |
| 942 | |c BK | ||